000 00851nam a2200253Ia 4500
003 OSt
005 20220923225205.0
006 a|||||r|||| 00| 0
007 ta
008 220922b |||||||| |||| 00| 0 hin d
024 _a259,600
037 _cTextual
040 _aARTS
_cARTS
_bhin
041 _2hin
_ahin
082 _aQ, 152L4
100 _aमाचवे, प्रभाकर
_9156279
245 0 _aविभिन्न धर्मो मे ईश्वर कल्पना
246 _aVibhinna dharmo me īshvar kalpanā
260 _aपटना
_b बिहार हिन्दी ग्रंथ अकादमी
_c1974
300 _a198पृ.
_ccm.
650 _aधर्मशास्त्र
942 _hQ, 152L4
_cTEXL
_2CC
999 _c376632
_d376632